000 00722cab a2200229 4500
001 ABS46599
008 090401t1992 xxu||||| |||| 00| 0 eng d
035 _a(Sirsi) u58825
041 _aeng
100 _aAdams, J. E.
245 _aAward of costs in rent review by third parties
260 _c1992
350 _a0
490 _aRent Review & Lease Renewal
_v12(3) Spring 1992, 213-220(5)
520 _aDiscusses how costs are awarded in rent review cases where there is often a problem in determining which is the loosing side.
650 _aARBITRATORS
650 _aCALDERBANK LETTERS
650 _aEXPERT WITNESS
_96239
690 _aLANDLORD AND TENANT-RENT REVIEWS
942 _n0
948 _c04/03/1997
999 _c35971
_d35971